000 00471nam a22001697a 4500
999 _c257415
_d257414
003 OSt
005 20181115161710.0
008 181115b xxu||||| |||| 00| 0 eng d
020 _a9789966259943
040 _cN/A
050 _aHQ1796.5
_b .M86 2017
100 _aMungai, Evelyn K.
245 _aFrom glass ceilings to open skies
260 _aNairobi, Kenya :
_b Evelyn Mungai,
_c [2017]
300 _a381 pages :
_bcolor illustrations ;
_c 22 cm
942 _2lcc
_cBK